书目信息 |
| 题名: |
32位微型计算机原理与接口技术实验指导
|
|
| 作者: | 仇玉章 , 冯一兵 编著 | |
| 分册: | ||
| 出版信息: | 北京 清华大学出版社 2000.07 |
|
| 页数: | 70页 | |
| 开本: | 16开 | |
| 丛书名: | ||
| 单 册: | ||
| 中图分类: | TP360 | |
| 科图分类: | ||
| 主题词: | 微型计算机 | |
| 电子资源: | ||
| ISBN: | 7-302-03881-3 | |
| 000 | 00661nam0 2200205 45 | |
| 001 | 0011190994 | |
| 005 | 20001119094154.0 | |
| 010 | @a7-302-03881-3@d6.00元 | |
| 100 | @a20001119d2000 km y0chiy0120 ea | |
| 101 | 0 | @achi |
| 105 | @a z 000yy | |
| 200 | 1 | @a32位微型计算机原理与接口技术实验指导@A32 Wei Wei Xing Ji Suan Ji Yuan Li Yu Jie Kou Ji ShuShi Yan Zhi Dao@f仇玉章,冯一兵编著@FChou Yu Zhang,Feng Yi Bing Bian Zhu |
| 210 | @a北京@c清华大学出版社@d2000.07 | |
| 215 | @a70页@d16开 | |
| 606 | 0 | @a微型计算机 |
| 690 | @aTP360@v3 | |
| 701 | 0 | @a仇玉章@4编著 |
| 701 | 0 | @a冯一兵@4编著 |
| 801 | @aCN@bPftUser@c20001119 | |
| 905 | @b413546-550@dTP360@eQ981@f5 | |
| 32位微型计算机原理与接口技术实验指导/仇玉章,冯一兵编著.-北京:清华大学出版社,2000.07 |
| 70页;16开 |
| ISBN 7-302-03881-3:6.00元 |
| ● |
| 相关链接 |
|
|
|
正题名:32位微型计算机原理与接口技术实验指导
索取号:TP360/Q981
 
预约/预借
| 序号 | 登录号 | 条形码 | 馆藏地/架位号 | 状态 | 备注 |
| 1 | 413546 | 204135462 | 自科库301/301自科库 92排1列5层/ [索取号:TP360/Q981] | 在馆 | |
| 2 | 413547 | 204135471 | 自科库301/301自科库 62排2列2层/ [索取号:TP360/Q981] | 在馆 | |
| 3 | 413548 | 204135480 | 自科库301/301自科库 62排2列2层/ [索取号:TP360/Q981] | 在馆 | |
| 4 | 413549 | 204135499 | 自科库301/301自科库 92排1列5层/ [索取号:TP360/Q981] | 在馆 | |
| 5 | 413550 | 204135505 | 自科库301/301自科库 86排2列2层/ [索取号:TP360/Q981] | 在馆 |